000
00246nam a22001217a 4500
003
SGT
082
_a
823
_b
MEY
100
_a
MEYER STEPHENIE
245
_a
BREAKING DAWN
260
_a
LONDON
_b
ATOM PUB
_c
2008
300
_a
701
942
_2
ddc
_c
BK
999
_c
33686
_d
33686